000 01616nam a2200325 i 4500
001 991061727880706706
003 ES-BaIT
005 20260227104956.0
008 260227e202504 fr r 000 d fre c
020 _a9782749816883
040 _aES-BaIT
_bcat
_erda
_cES-BaIT
080 _a840-2"20"
100 1 _aGuelfi, Xavier,
_d1993-
_eautor
_9168743
245 1 0 _aBrasser de l'air et s'envoler /
_cXavier Guelfi
264 1 _aParis :
_bL'avant-scène théâtre,
_cavril 2025
300 _a67 pàgines ;
_c21 cm
336 _atext
_btxt
_2rdacontent
337 _asense mediació
_bn
_2rdamedia
338 _avolum
_bnc
_2rdacarrier
490 1 _aL'Avant-scène théatre ;
_vno 1575
500 _aP1: H1
500 _aPublicat com no 1575 (avril 2025) de la revista L'Avant-scène théâtre
500 _aEstrena Théâtre La Flèche (París) el 3 d'octubre de 2024
520 _a"Xavier patauge au milieu des questions existentielles, empêtré par un certain sentiment d'impuissance face aux crisis environnementales et politiques que nous traversons. À deux doigts de l'implosion, il a una illumination! Changer le monde. Redonner optimisme et foi en l'humanité... tout simplement! Il essaiera, tout au moins. Brasser de l'air et s'envolver est le premier texte dramatique de Xavier Guelfi. Acclamé par la critique, ce monologue se fraye au chemin entre humour et rêverie"-- Contracoberta
650 0 _aMonòlegs francesos
_yS. XXI
_xTextos dramàtics
_vTextos dramàtics
_9167745
830 _aAvant-scène.
_pThéâtre
_vno 1575
_9168170
908 _aCDMAE
940 _aCDMAE
942 _2udc
_c1
999 _c137165
_d137165